Pädagogische und didaktische Abhandlungen

Saved in:  
Bibliographic Details
Main Author: Frick, Otto 1832-1892 (Author)
Contributors: Frick, Georg (Other)
Format: Print Book
Language:German
Subito Delivery Service: Order now.
Check availability: HBZ Gateway
Interlibrary Loan:Interlibrary Loan for the Fachinformationsdienste (Specialized Information Services in Germany)
Published: Halle a. S. Verl. der Buchh. des Waisenhauses 1893
In:Year: 1893
Volumes / Articles:Show volumes/articles.
Standardized Subjects / Keyword chains:B Pedagogics
Sammlungen:

MARC

LEADER 00000cam a2200000 ca4500
001 138480249
003 DE-627
005 20250710215524.0
007 tu
008 940305m18931893xx ||||| 00| ||ger c
035 |a (DE-627)138480249 
035 |a (DE-576)9138480247 
035 |a (DE-599)GBV138480249 
040 |a DE-627  |b ger  |c DE-627  |e rakwb 
041 |a ger 
044 |c XA-DXDE 
084 |a DD 4600  |2 rvk  |0 (DE-625)rvk/19295: 
084 |a 80.00  |2 bkl 
084 |a 80.01  |2 bkl 
100 1 |0 (DE-588)116788801  |0 (DE-627)136278841  |0 (DE-576)29083094X  |4 aut  |a Frick, Otto  |d 1832-1892 
109 |a Frick, Otto 1832-1892  |a Frick, O. 1832-1892  |a Frick, Otto Paul Martin 1832-1892 
245 1 0 |a Pädagogische und didaktische Abhandlungen  |c von Otto Frick. Hrsg. von Georg Frick 
264 1 |a Halle a. S.  |b Verl. der Buchh. des Waisenhauses  |c 1893 
336 |a Text  |b txt  |2 rdacontent 
337 |a ohne Hilfsmittel zu benutzen  |b n  |2 rdamedia 
338 |a Band  |b nc  |2 rdacarrier 
689 0 0 |d s  |0 (DE-588)4044302-4  |0 (DE-627)106206168  |0 (DE-576)209060174  |2 gnd  |a Pädagogik 
689 0 |5 (DE-627) 
700 1 |a Frick, Georg  |4 oth 
935 |a FRST  |a mteo 
936 r v |a DD 4600  |b 19. Jahrhundert bis 1. Weltkrieg  |k Pädagogik  |k Geschichte der Pädagogik und des Bildungswesens  |k 19. Jahrhundert bis 1. Weltkrieg  |0 (DE-627)1270738526  |0 (DE-625)rvk/19295:  |0 (DE-576)200738526 
936 b k |a 80.00  |j Pädagogik: Allgemeines  |q ARK  |0 (DE-627)106414410 
936 b k |a 80.01  |j Geschichte der Pädagogik und Erziehung  |q ARK  |0 (DE-627)106414429 
951 |a MC 
ELC |b 1 
LOK |0 000 xxxxxcx a22 zn 4500 
LOK |0 001 4291527144 
LOK |0 003 DE-627 
LOK |0 004 138480249 
LOK |0 005 20240916085308 
LOK |0 008 230316||||||||||||||||ger||||||| 
LOK |0 040   |a DE-Tue135  |c DE-627  |d DE-Tue135 
LOK |0 092   |o n 
LOK |0 852   |a DE-Tue135 
LOK |0 852 1  |9 00 
LOK |0 866   |x SPQUE#Bibliothek der Franckeschen Stiftungen 
LOK |0 935   |a FRST 
LOK |0 939   |a 16-03-23  |b l01 
ORI |a SA-MARC-ixtheoa001.raw 
SPR |a 1  |t IXT 
STA 0 0 |a Pedagogics,Pedagogics,Pedagogy,Education science,Paedagogy,Paedagogics,Education 
STB 0 0 |a Pédagogie,Pédagogie 
STC 0 0 |a Pedagogía,Pedagogía 
STD 0 0 |a Pedagogia,Pedagogia 
STE 0 0 |a 教育学 
STF 0 0 |a 教育學 
STG 0 0 |a Pedagogia,Pedagogia 
STH 0 0 |a Педагогика (мотив),Педагогика 
STI 0 0 |a Παιδαγωγική (μοτίβο),Παιδαγωγική 
SYG 0 0 |a Erziehungswissenschaft,Erziehungswissenschaften,Erziehungswissenschaft,Pädagogischer Prozess,Erziehungswissenschaften